000 00802nam a2200217 a 4500
001 78473
003 BD-RjUL
005 20211209083131.0
008 210926s1966 ii ||||| |||| 00| 0 ben d
035 _a(BD-RjUL)78699
040 _aBD-RjUL
_beng
_cBD-RjUL
041 _aben
082 _223
_a891.44109
_bDAK 1966
100 _aদত্ত, ভবতোষ
_9248483
245 _aকাব্য বাণী /
_cভবতোষ দত্ত
260 _aকলকাতা :
_bজিজ্ঞাসা,
_c১৯৬৬
300 _a৩০৪ পৃ.;
_c২২ সেমি.
650 _aবাংলা সাহিত্য
_xকবিতা
_xইতিহাস ও সমালোচনা
_9248484
650 _aBangali Literature
_xPoetry
_xHistory and Criticism
_9248485
942 _2ddc
_cBK
999 _c78473
_d78473